| 000 | 01202nam a22002657a 4500 | ||
|---|---|---|---|
| 001 | 4934 | ||
| 003 | FISKH | ||
| 005 | 20241025121453.0 | ||
| 008 | 241025b cb ||||| |||| 00| 0 eng d | ||
| 020 | _a9780545299749 | ||
| 040 |
_aFISKH _beng _cFISKH _dFISKH |
||
| 050 | _aQL737.C214 | ||
| 082 | _a599.789 | ||
| 100 |
_aRyder, Joanne _d(1946-) |
||
| 245 |
_aPanda kindergarten / _cBy Joanne Ryder Photographs by Dr. Katherine Feng |
||
| 250 | _aFirst printing in 2010 | ||
| 260 |
_aNew York : _bScholastic, _c2010. |
||
| 300 |
_a30 pages ; _bColor illustrations ; _c23 cm |
||
| 520 | _aSchool is in session! But this is no ordinary kindergarten class. Meet sixteen young giant panda cubs at the China Conservation and Research Center for the Giant Panda at the Wolong Nature Preserve. The cubs are raised together from infancy in a protected setting, where they grow strong. Under the watchful eyes of the scientists and workers, the cubs learn skills that will help prepare them to be released into the wild. | ||
| 650 |
_2Kindergarten _aPandas _vPicture book |
||
| 650 |
_2Non-fiction _aConservation _vAnimals |
||
| 700 |
_aDr. Feng, Katherine _dIllustrator |
||
| 942 |
_2ddc _cBK _n0 |
||
| 999 |
_c4934 _d4934 |
||